Statystyki dla Geografia quiz #22 - Słownik geograficzny

Kliknij tutaj aby rozwiązać quiz!

Ogólne statystyki

  • Ten quiz został rozwiązany 10 razy
  • Średni wynik to 7 z 15

Statystyki odpowiedzi

PojęcieDefinicja% Poprawnych
HalnyLokalna nazwa na wiatr górski typu fen, używana na terenie polskich Karpat.
78%
ImportZakup zagranicznych towarów od innych państw.
78%
NeptunÓsma i tym samym ostatnia planeta Układu Słonecznego (4 492,2 mln km odległości od Słońca), odkryty został na podstawie obliczeń matematycznych, co dopiero później potwierdziły obserwacje nieba. Kolor podobnie jak Uran – zawdzięcza obecnemu w atmosferze metanowi.
78%
ZiemniakRoślina alimentacyjna należąca do bulwiastych i korzeniowych. Ma niewielkie wymagania glebowe i klimatyczne, dobrze znosi trudne warunki, a szkodzi mu nadmiar wody oraz mróz. Wyróżnia się dużą pracochłonnością. W 2018 r. światowa produkcja wynosiła 368 mln ton.
78%
DeltaJeden z dwóch rodzajów ujść rzecznych. Powstaje, gdy rzeka uchodzi do morza o słabych pływach morskich, niewielkich prądach przybrzeżnych i płytkim wybrzeżu.
67%
HodowlaDziałalność rolnicza polegająca na utrzymaniu zwierząt gospodarskich w przeciwieństwie do chowu, odnosząca się jedynie do jej wykonywania w w warunkach sztucznych.
56%
HuraganLokalna nazwa na Cyklon Tropikalny używana na wybrzeżu Oceanu Atlantyckiego (także na amerykańskim wybrzeżu Oceanu Spokojnego), zwłaszcza w USA.
56%
DemografiaDział geografii ludności zajmujący się ruchem naturalnym ludności (przyrost naturalny, migracje) i strukturą społeczną, ich rozmieszczeniem przestrzennym i zachodzącymi między nimi prawidłowościami.
44%
NizinyJedna z wielkich form ukształtowania powierzchni lądów. Rozległe tereny o wysokości do 300 m.n.p.m. Zazwyczaj są płaskie lub faliste, z rzadka pagórkowate, ale nie występują na nich obiekty wyższe niż kilkadziesiąt metrów.
33%
ZalewPłytki zbiornik odcięty od morza mierzeją, podobny do zatoki ale zasilany wodami uchodzących do niego rzek. Najczęściej ma niewielkie połączenie z morzem i bardzo słabą wymianę wód. Jest zwykle płytki i słabo zasolony, często silnie zarastający.
33%
ZenitPunkt na sferze niebieskiej położony dokładnie naprzeciw nadiru, znajduje się pionowo nad przyjętym obserwatorem.
33%
DeflacjaJeden z dwóch rodzajów erozyjnej działalności wiatru, wywiewanie luźnego i lekkiego materiału skalnego.
22%
IrygacjaZabieg agrotechniczny sztucznego nawadniania pól. Celem jest najczęściej uprawa obszarów całkowicie suchych, np. pustyń, aby zapewnić lokalnej ludności niezbędną żywność (i tańszą niż z importu).
22%
RędzinyJeden z typów gleb śródstrefowych, powstają na skałach węglanowych (zwłaszcza wapiennych), które w profilu glebowym posiadają płytko zalegające fragmenty skały macierzystej. Choć poziom próchniczny jest z reguły miąższy i gleby te są żyzne, ze względu na płytkie zaleganie dużych odłamków skał ich uprawa jest problematyczna.
11%
FynbosLokalna nazwa na roślinność śródziemnomorską stosowana w Afryce, odpowiednik makii.
0%

Rozkład punktacji

Percentyl według liczby udzielonych odpowiedzi

Procent ludzi z każdym wynikiem

Twoja historia wyników

Nie rozwiązałeś tego quizu